Statistics for 2017 nfl draft 1st round

Click here to take the quiz!

General Stats

  • This quiz has been taken 114 times
  • The average score is 23 of 32

Answer Stats

Hint Answer % Correct
browns DEmiles garrett
97%
bears QBmitchell trubisky
97%
texans QBdeshaun watson
94%
chiefs QBpatrick mahomes
92%
jaguars RBleonard fournette
92%
jets Sjamal adams
91%
buccaneers TEo.j. howard
85%
saints CBmarshon lattimore
84%
titans WRcorey davis
82%
chargers WRmike williams
82%
bengals WRjohn ross
80%
panthers RBchristian mccaffrey
80%
lions LBjarrad davis
80%
giants TEevan engram
79%
browns TEdavid njoku
78%
49ers DEsolomon thomas
76%
bills CBtre'davious white
75%
colts Smalik hooker
72%
steelers OLBt.j. watt
71%
titans CBadoree' jackson
68%
browns Sjabrill peppers
67%
redskins DTjonathan allen
67%
ravens CBmarlon humphrey
59%
eagles DEderek barnett
54%
cowboys DEtaco charlton
53%
cardinals LBhaason reddick
53%
49ers LBreuben foster
52%
raiders CBgareon conley
48%
broncos OTgarett bolles
46%
falcons OLBtakkarist mckinley
39%
saints OTryan ramczyk
37%
dolphins DEcharles harris
34%

Score Distribution

Percentile by Number Answered

Percent of People with Each Score

Your Score History

You have not taken this quiz